|
|
|
|
| LEADER |
00623nab a2200157 i 4500 |
| 001 |
delm69915 |
| 005 |
20180927153733.0 |
| 008 |
180927s1965 hu o 0|| hun d |
| 040 |
|
|
|a SZTE Délmagyarország Archívum
|b hun
|
| 041 |
|
|
|a hun
|
| 100 |
1 |
|
|a Géza Ferenc
|
| 245 |
1 |
0 |
|a Kedvvel, lelkesedéssel
|h [elektronikus dokumentum] :
|b tessék választani! : egyéni, mégis közösségi : a három követelmény : gazdag akcióprogramok /
|c Géza Ferenc
|
| 260 |
|
|
|c 1965-10-16
|
| 300 |
|
|
|a 7
|
| 490 |
0 |
|
|a Délmagyarország
|v 55 No. 244
|
| 695 |
|
|
|a Ifjúság helyzete Szeged 1965, Ifjúság a szocializmusért mozgalom Szeged 1965, ifjúság
|